<?xml version="1.0" encoding="UTF-8"?>
<record
    xmlns:xsi="http://www.w3.org/2001/XMLSchema-instance"
    xsi:schemaLocation="http://www.loc.gov/MARC21/slim http://www.loc.gov/standards/marcxml/schema/MARC21slim.xsd"
    xmlns="http://www.loc.gov/MARC21/slim">

  <leader>00760nam a22002417a 4500</leader>
  <controlfield tag="005">20131127171456.0</controlfield>
  <controlfield tag="008">131126b        xxu||||| |||| 00| 0 eng d</controlfield>
  <datafield tag="010" ind1=" " ind2=" ">
    <subfield code="a">PUN-7731</subfield>
  </datafield>
  <datafield tag="020" ind1=" " ind2=" ">
    <subfield code="c">250.00</subfield>
    <subfield code="a">9788182992726</subfield>
  </datafield>
  <datafield tag="035" ind1=" " ind2=" ">
    <subfield code="a">PN-6849</subfield>
  </datafield>
  <datafield tag="037" ind1=" " ind2=" ">
    <subfield code="b">DBAD / PUB</subfield>
  </datafield>
  <datafield tag="037" ind1=" " ind2=" ">
    <subfield code="b">Arsee Publishers</subfield>
  </datafield>
  <datafield tag="040" ind1=" " ind2=" ">
    <subfield code="a">dpl</subfield>
    <subfield code="b">pn</subfield>
  </datafield>
  <datafield tag="082" ind1=" " ind2=" ">
    <subfield code="a">&#xA15;</subfield>
  </datafield>
  <datafield tag="100" ind1=" " ind2=" ">
    <subfield code="a">&#xA30;&#xA3E;&#xA1C;&#xA3F;&#xA70;&#xA26;&#xA30; &#xA15;&#xA4B;&#xA30;</subfield>
  </datafield>
  <datafield tag="245" ind1=" " ind2=" ">
    <subfield code="a">&#xA1C;&#xA26;&#xA4B;&#xA02; &#xA16;&#xA70;&#xA2D; &#xA32;&#xA71;&#xA17; &#xA1C;&#xA3E;&#xA23; /</subfield>
    <subfield code="c">&#xA30;&#xA3E;&#xA1C;&#xA3F;&#xA70;&#xA26;&#xA30; &#xA15;&#xA4B;&#xA30;</subfield>
  </datafield>
  <datafield tag="246" ind1=" " ind2=" ">
    <subfield code="a">Jado Khamb Lag Jaan</subfield>
    <subfield code="b">by Rajinder Kaur</subfield>
  </datafield>
  <datafield tag="260" ind1=" " ind2=" ">
    <subfield code="a">Delhi</subfield>
    <subfield code="b">Arsee Publishers</subfield>
    <subfield code="c">2013</subfield>
  </datafield>
  <datafield tag="270" ind1=" " ind2=" ">
    <subfield code="b">Delhi</subfield>
    <subfield code="a">Chandni Chowk</subfield>
    <subfield code="k">011-65966481</subfield>
  </datafield>
  <datafield tag="300" ind1="4" ind2=" ">
    <subfield code="a">167p.</subfield>
    <subfield code="c">22&#xA38;&#xA47;&#xA02;&#xA2E;&#xA40; (&#xA38;&#xA1C;&#xA3F;&#xA32;&#xA71;&#xA26;)</subfield>
  </datafield>
  <datafield tag="942" ind1=" " ind2=" ">
    <subfield code="2">ddc</subfield>
    <subfield code="c">PN</subfield>
    <subfield code="h">&#xA15;</subfield>
    <subfield code="m">&#xA30;&#xA3E;&#xA1C;&#xA3F;&#xA70;&#xA26;</subfield>
  </datafield>
  <datafield tag="999" ind1=" " ind2=" ">
    <subfield code="c">80900</subfield>
    <subfield code="d">80900</subfield>
  </datafield>
  <datafield tag="952" ind1=" " ind2=" ">
    <subfield code="0">0</subfield>
    <subfield code="1">0</subfield>
    <subfield code="2">ddc</subfield>
    <subfield code="4">0</subfield>
    <subfield code="7">0</subfield>
    <subfield code="8">FIC</subfield>
    <subfield code="a">DBAD</subfield>
    <subfield code="b">DBAD</subfield>
    <subfield code="d">2013-11-27</subfield>
    <subfield code="e">DBAD</subfield>
    <subfield code="g">250.00</subfield>
    <subfield code="l">0</subfield>
    <subfield code="o">&#xA15; &#xA30;&#xA3E;&#xA1C;&#xA3F;&#xA70;&#xA26;</subfield>
    <subfield code="p">PN-6849</subfield>
    <subfield code="r">2013-11-27 00:00:00</subfield>
    <subfield code="t">1</subfield>
    <subfield code="v">250.00</subfield>
    <subfield code="w">2013-11-27</subfield>
    <subfield code="y">PN</subfield>
  </datafield>
</record>
